The man who fell to earth

Saved in:
Bibliographic Details
Main Author: Tevis, Walter S.
Format: Book
Language:English
Published: Oxford : Oxford University Press, 1987
Edition:1st ed., 5th impression
Series:Alpha science fiction
Subjects:
Tags: Add Tag
No Tags, Be the first to tag this record!

MARC

LEADER 00000nam a2200000 i 4500
001 1/26801
008 941103s1987 eng d
020 |a 0-19-424231-5 
035 |a 1988  |l 10037670 
040 |a GR-MY-UA  |b gre  |e aacr 
041 0 |a eng 
082 0 |a 428.64 
100 1 |a Tevis, Walter S. 
245 1 4 |a The man who fell to earth /  |c Walter Tevis ; adapted by David Fickling 
250 |a 1st ed., 5th impression 
260 |a Oxford :   |b Oxford University Press,   |c 1987 
300 |a 94 p.;  |c 17 cm. 
490 1 |a Alpha science fiction 
650 0 0 |a English language  |x Readers. 
650 0 0 |a English language  |v Textbooks for foreign speakers. 
830 0 |a Alpha science fiction 
852 |a INST  |b SAMOS  |e 19941103  |h 428.64 TEV  |p 005300002920  |q 005300002920  |t BK  |y 0 
909 |a Σ  |b 009448